Asomiya galpa sankalan : (Record no. 11002)

MARC details
000 -LEADER
fixed length control field 00508cam a2200181ua 4500
001 - CONTROL NUMBER
control field 12258
005 - DATE AND TIME OF LATEST TRANSACTION
control field 20260515114845.0
008 - FIXED-LENGTH DATA ELEMENTS--GENERAL INFORMATION
fixed length control field 200819n ii |||gr||||Z||||||eng
040 ## - CATALOGING SOURCE
Transcribing agency MAIN
082 ## - DEWEY DECIMAL CLASSIFICATION NUMBER
Classification number 891.4513
100 ## - MAIN ENTRY--PERSONAL NAME
Personal name Homen Bargohain,
Relator term Editor.
245 ## - TITLE STATEMENT
Title Asomiya galpa sankalan :
Remainder of title Vol I /
Statement of responsibility, etc. Ed by Homen Bargohain .
250 ## - EDITION STATEMENT
Edition statement 4th ed. /
Remainder of edition statement V.I.
260 ## - PUBLICATION, DISTRIBUTION, ETC.
Place of publication, distribution, etc. Guwahati:
Name of publisher, distributor, etc. Publication board assam,
Date of publication, distribution, etc. 2014.
300 ## - PHYSICAL DESCRIPTION
Extent 290p.
653 ## - INDEX TERM--UNCONTROLLED
Uncontrolled term East Indo-European & Celtic literatures
942 ## - ADDED ENTRY ELEMENTS (KOHA)
Koha item type Books
Holdings
Withdrawn status Lost status Damaged status Not for loan Home library Current library Shelving location Date acquired Total checkouts Full call number Barcode Date last seen Copy number Price effective from Koha item type
        Naharkatiya College Library Naharkatiya College Library General stacks 09/19/2020   891.4513Assamese drama | ASO 26096 09/19/2020 1 09/19/2020 Books